[Event "SVK-chT2C 1112"]
[Site "Slovakia"]
[Date "2011.10.09"]
[Round "2.8"]
[White "Malatinec, Emil"]
[Black "Trnka, Filip"]
[Result "1-0"]
[WhiteElo "1735"]
[BlackElo "1157"]
[PlyCount "25"]
[EventDate "2011.10.08"]
[EventType "team-tourn"]
[EventRounds "11"]
[EventCountry "SVK"]
[SourceTitle "EXT 2013"]
[Source "ChessBase"]
[SourceDate "2012.11.22"]
[SourceVersion "1"]
[SourceVersionDate "2012.11.22"]
[SourceQuality "1"]
[WhiteTeam "Podpolanie Hrinova"]
[BlackTeam "Zilina Mladost II"]
[WhiteTeamCountry "SVK"]
[BlackTeamCountry "SVK"]

1. e4 e5 2. Nf3 Nc6 3. Bc4 Nf6 4. d3 d6 5. Ng5 Be7 6. Nxf7 Qd7 7. Nxh8 Ng4 8. Qf3 Nd4 9. Qf7+ Kd8 10. Qg8+ Qe8 11. Nf7+ Kd7 12. Qxe8+ Kxe8 13. Na3 1-0